001970000a220007300045001000020000002450034000203000045000547730024000991 aGuerrero, Jorge10a¿Alma en huelga o alma viva? aVol.7, núm.9 (2006), Páginas 138-1390 tConquista Cristiana